[Event "Tatry op"]
[Site "Tatranske Zruby"]
[Date "2013.10.01"]
[Round "3"]
[White "Fujerik, Stefan"]
[Black "Pirhala, Ladislav"]
[Result "1-0"]
[WhiteElo "1585"]
[BlackElo "1500"]
[PlyCount "53"]
[EventDate "2013.09.29"]
[EventType "swiss"]
[EventRounds "9"]
[EventCountry "SVK"]
[SourceTitle "EXT 2023"]
[Source "ChessBase"]
[SourceDate "2022.10.05"]
[SourceVersion "1"]
[SourceVersionDate "2022.10.05"]
[SourceQuality "1"]

1. e4 c6 2. d4 d5 3. e5 Bf5 4. Nf3 h6 5. Bd3 Bxd3 6. Qxd3 e6 7. 0-0 Nd7 8. a3 Qc7 9. Bf4 g5 10. Bg3 Ne7 11. h3 Nf5 12. Bh2 h5 13. g4 Nh4 14. Nxg5 hxg4 15. hxg4 Nb6 16. b3 0-0-0 17. f4 Bh6 18. Nd2 Qe7 19. Ndf3 Ng6 20. a4 Rdg8 21. a5 Nd7 22. c4 Nh4 23. cxd5 Nxf3+ 24. Qxf3 Bxg5 25. dxc6 Nf8 26. Rac1 b5 27. c7 1-0

[Event "Tatry op"]
[Site "Tatranske Zruby"]
[Date "2013.09.29"]
[Round "1"]
[White "Fujerik, Stefan"]
[Black "Holicky, Miroslav"]
[Result "0-1"]
[WhiteElo "1585"]
[BlackElo "1783"]
[PlyCount "66"]
[EventDate "2013.09.29"]
[EventType "swiss"]
[EventRounds "9"]
[EventCountry "SVK"]
[SourceTitle "EXT 2023"]
[Source "ChessBase"]
[SourceDate "2022.10.05"]
[SourceVersion "1"]
[SourceVersionDate "2022.10.05"]
[SourceQuality "1"]

1. e4 e5 2. Nf3 Nf6 3. d3 Nc6 4. Be2 d5 5. exd5 Nxd5 6. 0-0 Bd6 7. Nbd2 Nf4 8. Ne4 Nxe2+ 9. Qxe2 Bg4 10. Be3 0-0 11. h3 Bh5 12. g4 Bg6 13. Nfd2 f5 14. gxf5 Rxf5 15. Ng3 Rf8 16. Nde4 Qd7 17. Kh2 Nd4 18. Bxd4 exd4 19. Nxd6 Qxd6 20. Rae1 Rae8 21. Qd2 h5 22. Kg2 h4 23. Ne4 Bxe4+ 24. dxe4 Qg6+ 25. Kh2 Rxe4 26. Rg1 Qd6+ 27. Kh1 Qe6 28. Kh2 Qe5+ 29. Kh1 Qf5 30. Kh2 Qxf2+ 31. Qxf2 Rxf2+ 32. Kh1 Rxe1 33. Rxe1 Rxc2 0-1